| 000 | 00997nam a22002177a 4500 | ||
|---|---|---|---|
| 999 |
_c14057 _d14057 |
||
| 003 | AR-CdUCM | ||
| 008 | 190327b ||||| |||| 00| 0 spa d | ||
| 040 |
_aMUNICIPALIDAD PROVINCIAL DEL CUSCO _cBIBLIOTECA MUNICIPAL DEL CUSCO |
||
| 082 |
_a331.2985 / _bP19 |
||
| 100 |
_aPalma Martínez, Jorge _925083 |
||
| 245 |
_aGuía práctica del trabajador en construcción civil del Perú : _bbonificacion por reajustes de tarifas de transportes. |
||
| 260 |
_aLima : _bEdiciones y Distribuciones Palma, _c1982.. |
||
| 300 |
_a32 páginas ; _btablas, _c20 cm. |
||
| 505 | _aContenido: Decreto supremo N°04-82 TR -- Solucionan pliego de reclamos incrementando los jornales básicos de los obreros de construcción civil de la república -- Disposición transitoria --Disposición final. | ||
| 650 |
_aTrabajadores de la construcción _925084 |
||
| 650 |
_aSueldos y Salarios _96504 |
||
| 650 |
_aPerú. _935 |
||
| 650 |
_aConstrucción civil _919570 |
||
| 942 |
_2ddc _cLIBROS |
||
| 945 |
_awnts _d2019-04-17 |
||